000 00390nam a22001457a 4500
008 150703b xxu||||| |||| 00| 0 eng d
020 _a0406633509
082 _a346.0323 OGU
100 _aOgus, A. I.
245 _aThe law of damages /
_cA. I. Ogus
260 _aLondon :
_bButterworths,
_cc1973.
300 _alii, 393p. :
_bill. ;
_c22cm.
500 _aIncludes index
942 _2ddc
_cBK
999 _c7315
_d7315